000
00214nam a2200085Ia 4500
245
0
_a
What a day!
100
_a
HARVEY, Damian Oxford, 2009
_9
84086
942
_c
BK
008
210819s9999 xx 000 0 und d
999
_c
307768
_d
307767